| 000 | 00348nam a2200121Ia 4500 | ||
|---|---|---|---|
| 008 | 190216s9999||||xx |||||||||||||| ||und|| | ||
| 100 | _aVinod Kumar G Arg &ventkitta Krishnan | ||
| 245 | 0 | _aEnterprise Resource Planning Concept And Practise | |
| 260 |
_bPrentice Hall Of India Pvt Ltd _c2000 |
||
| 300 | _a185p | ||
| 650 | _aCommerce | ||
| 942 | _cBK | ||
| 999 |
_c7415 _d7415 |
||